00348nam a2200121Ia 4500008004100000020001800041041000800059082001400067100001800081245006700099260005200166300000800218220803s9999 xx 000 0 und d a9789381444078 aeng a701.8 SAD aSadhana P Ed. aCinema Theatres In Bombay / Mumbai : A Dossier .-9789381444078 b"Urban Design Research Institute, Mumbai"c2014 a84p